|
|
|
|
| LEADER |
00000nab a2200000 a 4500 |
| 001 |
vtls010706703 |
| 003 |
SK-MaSNL |
| 005 |
20260304185614.0 |
| 008 |
250709s2005 xo |||||||||||||||||slo| |
| 035 |
|
|
|a (urnnbn)urn:nbn:sk:snk:ar-a041f6
|
| 035 |
|
|
|a (uuid)bc10823e-99f5-43a4-9755-7810e4b1c992
|
| 035 |
|
|
|a urn:nbn:sk:snk-ab3ayk
|
| 040 |
|
|
|a SNKBUCL
|b slo
|c SNKBUCL
|e AACR2
|
| 041 |
0 |
|
|a slo
|
| 044 |
|
|
|a xo
|c SK
|
| 100 |
1 |
|
|a Tölgyessyová, Henrieta
|c (stavebná inžinierka)
|4 aut
|9 28164
|
| 245 |
1 |
0 |
|a KONFERENCIA STAVEBNÉHO SEKTORA CEN
|c Henrieta Tölgyessyová, Ivana Hrubá
|
| 700 |
1 |
|
|a Hrubá, Ivana
|4 aut
|9 742118
|
| 773 |
0 |
|
|t Normalizácia : odborný časopis pre technickú normalizáciu
|g Roč. 11, č. 2 (2005), s. 27-30
|
| 850 |
|
|
|a Slovenská národná knižnica
|
| 852 |
|
|
|a Slovenská národná knižnica
|
| 954 |
|
|
|a odborná, vedecká literatúra pôvodná (slovenská)
|2 lita
|
| 958 |
|
|
|a article1
|
| 958 |
|
|
|a OND
|
| 958 |
|
|
|a EUIPO
|
| 999 |
|
|
|c 3044760
|d 3046690
|